Africa Bible commentary / (Record no. 2135)
[ view plain ]
| 000 -LEADER | |
|---|---|
| fixed length control field | 00968cam a22002414a 4500 |
| 001 - CONTROL NUMBER | |
| control field | 14260530 |
| 005 - DATE AND TIME OF LATEST TRANSACTION | |
| control field | 20241213112616.0 |
| 008 - FIXED-LENGTH DATA ELEMENTS--GENERAL INFORMATION | |
| fixed length control field | 060210s2006 ke b 001 0 eng |
| 020 ## - INTERNATIONAL STANDARD BOOK NUMBER | |
| International Standard Book Number | 9966805788 |
| 020 ## - INTERNATIONAL STANDARD BOOK NUMBER | |
| International Standard Book Number | 9789966805782 |
| 020 ## - INTERNATIONAL STANDARD BOOK NUMBER | |
| International Standard Book Number | 0310264731 |
| 020 ## - INTERNATIONAL STANDARD BOOK NUMBER | |
| International Standard Book Number | 9780310264736 |
| 050 00 - LIBRARY OF CONGRESS CALL NUMBER | |
| Classification number | BS491.3 |
| Item number | .A47 2006 |
| 082 00 - DEWEY DECIMAL CLASSIFICATION NUMBER | |
| Classification number | 220.7096 |
| Edition information | 22 |
| 245 00 - TITLE STATEMENT | |
| Title | Africa Bible commentary / |
| Statement of responsibility, etc. | general editor, Tokunboh Adeyemo ; theological editors, Soloman Andria ... [et al.] ; theological advisors, Kwame Bediako, Isabel Apawo Phiri, Yusufu Turaki. |
| 260 ## - PUBLICATION, DISTRIBUTION, ETC. | |
| Place of publication, distribution, etc. | Nairobi, Kenya : |
| Name of publisher, distributor, etc. | WordAlive Publishers ; |
| Place of publication, distribution, etc. | Grand Rapids, Mich. : |
| Name of publisher, distributor, etc. | Zondervan, |
| Date of publication, distribution, etc. | 2006. |
| 300 ## - PHYSICAL DESCRIPTION | |
| Extent | xviii, 1585, [1] p. ; |
| Dimensions | 25 cm. |
| 650 #0 - SUBJECT ADDED ENTRY--TOPICAL TERM | |
| Topical term or geographic name entry element | Theology |
| Geographic subdivision | Africa. |
| 700 1# - ADDED ENTRY--PERSONAL NAME | |
| Personal name | Adeyemo, Tokunboh. |
| 856 41 - ELECTRONIC LOCATION AND ACCESS | |
| Materials specified | Table of contents |
| Uniform Resource Identifier | <a href="http://www.loc.gov/catdir/toc/ecip069/2006004692.html">http://www.loc.gov/catdir/toc/ecip069/2006004692.html</a> |
| 856 42 - ELECTRONIC LOCATION AND ACCESS | |
| Materials specified | Publisher description |
| Uniform Resource Identifier | <a href="http://www.loc.gov/catdir/enhancements/fy0633/2006004692-d.html">http://www.loc.gov/catdir/enhancements/fy0633/2006004692-d.html</a> |
| 942 ## - ADDED ENTRY ELEMENTS (KOHA) | |
| Source of classification or shelving scheme | Library of Congress Classification |
| Koha item type | Books |
| Suppress in OPAC | No |
| 999 ## - | |
| -- | 2135 |
| -- | 2135 |
| Withdrawn status | Lost status | Source of classification or shelving scheme | Damaged status | Not for loan | Collection | Home library | Current library | Shelving location | Date acquired | Total checkouts | Full call number | Barcode | Date last seen | Copy number | Price effective from | Koha item type |
|---|---|---|---|---|---|---|---|---|---|---|---|---|---|---|---|---|
| Library of Congress Classification | Non-fiction | Business Library (Miotso) | Business Library (Miotso) | General stacks | 04/11/2025 | REF 491.3 A 47 AFR | BSSM00001768 | 04/11/2025 | 2 | 04/11/2025 | Books | |||||
| Library of Congress Classification | Non-fiction | Business Library (Miotso) | Business Library (Miotso) | General stacks | 04/11/2025 | REF 491.3 A 47 AFR | BSSM00001769 | 04/11/2025 | 3 | 04/11/2025 | Books | |||||
| Library of Congress Classification | Non-fiction | Graduate Library (Christ Temple) | Graduate Library (Christ Temple) | Reference | 12/13/2024 | REF 491.3 A 47 AFR | GSCT00000247 | 12/13/2024 | 1 | 12/13/2024 | Books |